Breviarium Romanum ex decreto SS. Concilli Tridentini restitutum S.Pii V. Pontificis Maximi jussu editum Clementis VIII et urbani VIII (Record no. 447623)
[ view plain ]
| 000 -CABECERA | |
|---|---|
| Campo de control de longitud fija | 00671nam a22001817a 4500 |
| 003 - IDENTIFICADOR DEL NÚMERO DE CONTROL | |
| Campo de control | ES-SlBC |
| 005 - FECHA Y HORA DE LA ÚLTIMA TRANSACCIÓN | |
| Campo de control | 20210327223950.0 |
| 008 - CÓDIGOS DE INFORMACIÓN DE LONGITUD FIJA | |
| Campo de control de longitud fija | 131003b xxu||||| |||| 00| 0 spa d |
| 110 2# - PUNTO DE ACCESO PRINCIPAL-NOMBRE DE ENTIDAD CORPORATIVA | |
| Nombre de entidad corporativa o nombre de jurisdicción como elemento inicial | Iglesia Católica |
| 9 (RLIN) | 1889 |
| 240 10 - TÍTULO UNIFORME | |
| Título uniforme | <a href="[Breviarium]">[Breviarium]</a> |
| 245 10 - MENCIÓN DE TÍTULO | |
| Título | Breviarium Romanum ex decreto SS. Concilli Tridentini restitutum S.Pii V. Pontificis Maximi jussu editum Clementis VIII et urbani VIII |
| 250 ## - MENCIÓN DE EDICIÓN | |
| Mención de edición | Novissima editio Juxta Exemplar Romanum |
| 260 ## - PUBLICACIÓN, DISTRIBUCIÓN, ETC... (PIE DE IMPRENTA) | |
| Lugar de publicación, distribución, etc. | Matriti : |
| Nombre del editor, distribuidor, etc. | Typis Typographorum et bibliopolarum societatis |
| Fecha de publicación, distribución, etc. | , 1856 |
| 300 ## - DESCRIPCIÓN FÍSICA | |
| Extensión | LXIII, 785, 814, 14 p. ; |
| Dimensiones | 15 cm |
| 597 ## - NOTA SOBRE EL ÁREA DE DESCRIPCIÓN FÍSICA | |
| Nota de descripción física | Portada y texto a dos tintas |
| 650 ## - PUNTO DE ACCESO ADICIONAL DE MATERIA-TÉRMINO DE MATERIA | |
| Término de materia o nombre geográfico como elemento inicial | Breviarios |
| 9 (RLIN) | 29679 |
| 942 ## - ENTRADA DE ELEMENTOS AGREGADOS (KOHA) | |
| Fuente de clasificaión o esquema | |
| Koha [por defecto] tipo de item | Libros |
| Suprimido | Perdido | Fuente de clasificación o esquema | Estropeado | No para préstamo | Localización permanente | Localización actual | Localización en estantería | Fecha adquisición | Préstamos totales | Signatura completa | Número de Registro / Código de Barras | Fecha última consulta | Fecha del precio de reemplazo | Tipo de item de Koha |
|---|---|---|---|---|---|---|---|---|---|---|---|---|---|---|
| San Esteban | San Esteban | Depósito de libros | 03/10/2013 | 26422 BRE urba matr 1898 | 16671 | 03/10/2013 | 03/10/2013 | Libros |
